Countries Containing L - Statistics

General Stats
  • This quiz has been taken 533 times
    529 since last reset
  • The average score is 54 of 64
Answer Stats
Number Country % Correct
10 Brazil
95%
13 Chile
94%
23 Iceland
94%
1 Albania
92%
21 Finland
92%
24 Ireland
92%
35 Luxembourg
92%
49 Poland
92%
6 Belarus
90%
14 Colombia
90%
28 Latvia
90%
32 Libya
90%
33 Liechtenstein
90%
45 Netherlands
90%
4 Australia
89%
9 Bolivia
89%
25 Israel
89%
30 Lesotho
89%
50 Portugal
89%
62 Thailand
89%
64 Venezuela
89%
2 Algeria
87%
27 Laos
87%
34 Lithuania
87%
55 Slovakia
87%
56 Slovenia
87%
48 Philippines
86%
7 Belgium
84%
11 Bulgaria
84%
19 El Salvador
84%
26 Italy
84%
29 Lebanon
84%
31 Liberia
84%
38 Maldives
84%
41 Marshall Islands
84%
46 New Zealand
84%
51 Saint Lucia
84%
57 Solomon Islands
84%
58 Somalia
84%
61 Switzerland
84%
3 Angola
83%
39 Mali
83%
42 Moldova
83%
53 Seychelles
83%
15 Democratic Republic of the Congo
81%
37 Malaysia
81%
40 Malta
81%
16 Republic of the Congo
81%
36 Malawi
79%
59 Sri Lanka
79%
20 Equatorial Guinea
78%
5 Bangladesh
76%
8 Belize
76%
44 Nepal
76%
63 Tuvalu
76%
12 Central African Republic
75%
17 Czech Republic
75%
22 Guatemala
75%
43 Mongolia
75%
52 Senegal
75%
18 Dominican Republic
73%
47 Palau
73%
60 Swaziland
73%
54 Sierra Leone
70%
No matching quizzes found
Score Distribution
Percent of People with Each Score
Percentile by Number Answered
Your Score History
You have not taken this quiz since the last reset